[Event " "]
[Site "Lyon Olympique Echecs"]
[Date "20.??.??"]
[Round "5.5"]
[White "Duquesnoy, Jean-Philippe"]
[Black "Moussard, Jules"]
[Result "1-0"]
[WhiteElo "2253"]
[BlackElo "2190"]
[PlyCount "83"]
[EventDate "20.??.??"]
[WhiteTeam "Avignon"]
[BlackTeam "Paris Chess Club II"]

1. d4 Nf6 2. c4 c5 3. d5 e6 4. Nc3 exd5 5. cxd5 d6 6. e4 g6 7. h3 Bg7 8. Nf3
O-O 9. Bd3 a6 10. a4 Qc7 11. Nd2 Re8 12. O-O Nbd7 13. Nc4 Ne5 14. Nxe5 Rxe5 15.
Bf4 Re8 16. Rc1 Bd7 17. a5 Nh5 18. Bh2 Be5 19. b4 Qd8 20. Bxe5 Rxe5 21. f4 Re8
22. bxc5 dxc5 23. e5 Qxa5 24. g4 Qb6 25. Bb1 c4+ 26. Kh2 Ng7 27. Ne4 Red8 28.
Qe1 Ne8 29. Qh4 Kg7 30. f5 Qb2+ 31. Kh1 Qxe5 32. fxg6 fxg6 33. Rce1 h6 34. Nc3
Qg5 35. Re7+ Kg8 36. Qxg5 hxg5 37. Bxg6 Nd6 38. Rf6 Bb5 39. Bh7+ Kh8 40. Rh6 a5
41. Nxb5 Nxb5 42. Bf5+ 1-0

[Event " "]
[Site "Lyon Olympique Echecs"]
[Date "20.??.??"]
[Round "5.6"]
[White "Cohen, Aurelien"]
[Black "Meynard, Thibault"]
[Result "1/2-1/2"]
[WhiteElo "2217"]
[BlackElo "2267"]
[PlyCount "85"]
[EventDate "20.??.??"]
[WhiteTeam "Paris Chess Club II"]

1. e4 c5 2. Nf3 Nc6 3. d4 cxd4 4. Nxd4 Nf6 5. Nc3 e5 6. Ndb5 d6 7. Bg5 a6 8.
Na3 b5 9. Nd5 Qa5+ 10. Bd2 Qd8 11. Bg5 Be7 12. Bxf6 Bxf6 13. c3 Ne7 14. Nc2
Nxd5 15. Qxd5 Be6 16. Qc6+ Ke7 17. Nb4 Qd7 18. Rd1 Rhc8 19. Nd5+ Bxd5 20. Qxd7+
Kxd7 21. Rxd5 Rc5 22. Rxc5 dxc5 23. Be2 Kc6 24. Bg4 Bg5 25. Ke2 Rd8 26. Rd1
Rxd1 27. Kxd1 c4 28. Kc2 Bh4 29. g3 Be7 30. Be2 Bc5 31. f3 Bg1 32. h3 Kc5 33.
Bf1 a5 34. Be2 Be3 35. b3 cxb3+ 36. Kxb3 Bf2 37. g4 Be1 38. Kc2 f6 39. Kd3 b4
40. cxb4+ Kxb4 41. Kc2 Kc5 42. Kd3 Kb4 43. Kc2 1/2-1/2

[Event " "]
[Site "Lyon Olympique Echecs"]
[Date "20.??.??"]
[Round "5.7"]
[White "Salus, Stephane"]
[Black "Eustache, Boris"]
[Result "1/2-1/2"]
[WhiteElo "2212"]
[BlackElo "2147"]
[PlyCount "29"]
[EventDate "20.??.??"]
[WhiteTeam "Avignon"]
[BlackTeam "Paris Chess Club II"]

1. c4 e6 2. Nf3 Nf6 3. d4 d5 4. Nc3 Be7 5. Bg5 O-O 6. e3 h6 7. Bh4 b6 8. cxd5
Nxd5 9. Bxe7 Qxe7 10. Be2 Nxc3 11. bxc3 c5 12. O-O Bb7 13. a4 Nc6 14. Nd2 Na5
15. Rb1 1/2-1/2

[Event " "]
[Site "Lyon Olympique Echecs"]
[Date "20.??.??"]
[Round "5.8"]
[White "Rigolot, Lucie"]
[Black "Bomba, Melody"]
[Result "0-1"]
[WhiteElo "1659"]
[BlackElo "1790"]
[PlyCount "100"]
[EventDate "20.??.??"]
[WhiteTeam "Paris Chess Club II"]

1. e4 e5 2. Nf3 Nc6 3. Bb5 a6 4. Ba4 b5 5. Bb3 Nf6 6. Ng5 d5 7. exd5 Nd4 8. d6
Nxb3 9. dxc7 Qxc7 10. axb3 Bc5 11. Nc3 O-O 12. Nge4 Nxe4 13. Nxe4 Bb6 14. d3
Bb7 15. Nf6+ gxf6 16. Bh6 Kh8 17. Bxf8 Rxf8 18. Rg1 Rc8 19. c3 Rd8 20. Qc2 f5
21. O-O-O a5 22. g4 fxg4 23. Rdf1 f5 24. Rg3 e4 25. Rd1 Qf4+ 26. Qd2 Qxf2 27.
Qh6 Rd7 28. Qf6+ Kg8 29. Qe6+ Rf7 30. Qe8+ Kg7 31. Qe5+ Kg6 32. Qe6+ Kg7 33.
Qe5+ Kf8 34. Qh8+ Ke7 35. Qe5+ Kd8 36. Qd6+ Rd7 37. Qf6+ Kc8 38. Qf8+ Kc7 39.
Qh8 Qf4+ 40. Kb1 exd3 41. Ka1 Bf3 42. Rxf3 gxf3 43. Qg8 d2 44. c4 bxc4 45. bxc4
f2 46. Qg2 f1=Q 47. Qxf1 Qxf1 48. Rxf1 d1=Q+ 49. Rxd1 Rxd1+ 50. Ka2 f4 0-1

[Event " "]
[Site "Lyon Olympique Echecs"]
[Date "20.??.??"]
[Round "5.1"]
[White "Sulava, Nenad"]
[Black "San Emeterio Cabanes, Jose L"]
[Result "1-0"]
[WhiteElo "2537"]
[BlackElo "2392"]
[PlyCount "114"]
[EventDate "20.??.??"]
[WhiteTeam "Hyères"]
[BlackTeam "Lutèce Echecs"]

1. Nf3 Nf6 2. g3 g6 3. b3 Bg7 4. Bb2 O-O 5. Bg2 c5 6. c4 Nc6 7. O-O d6 8. d4
Ne4 9. Nbd2 Nxd2 10. Qxd2 e5 11. dxe5 dxe5 12. Qxd8 Rxd8 13. Ng5 Nd4 14. e3 Ne6
15. Nxe6 Bxe6 16. Bxb7 Rab8 17. Bg2 a5 18. Rfd1 Rxd1+ 19. Rxd1 a4 20. Bc6 axb3
21. axb3 f6 22. Ba3 Rxb3 23. Rd8+ Kf7 24. Bxc5 Bxc4 25. g4 Rb1+ 26. Kg2 Be2 27.
Be8+ Ke6 28. Rd6+ Ke7 29. Bc6 Kf7 30. Rd7+ Kg8 31. Ra7 Rc1 32. Ra8+ Kf7 33.
Be8+ Ke6 34. Ra6+ Kd5 35. Be7 Rc7 36. Bf7+ Ke4 37. Ra4+ Kd3 38. Ra3+ Kc2 39.
Ra2+ Kb1 40. Bd6 Rxf7 41. Ra5 Rd7 42. Rd5 Bf3+ 43. Kxf3 Kc2 44. Ke4 h5 45. h3
hxg4 46. hxg4 Kc3 47. Rc5+ Kd2 48. Rc6 Ke2 49. f4 exf4 50. exf4 Bh6 51. Rc2+
Kd1 52. Rc6 Ke2 53. Ra6 Rd8 54. Ra2+ Kd1 55. Bc5 Re8+ 56. Kf3 Rc8 57. Be3 Rc3
1-0

[Event " "]
[Site "Lyon Olympique Echecs"]
[Date "20.??.??"]
[Round "5.2"]
[White "Pira, Davoud"]
[Black "Ninov, Nikolai"]
[Result "0-1"]
[WhiteElo "2395"]
[BlackElo "2506"]
[PlyCount "86"]
[EventDate "20.??.??"]
[WhiteTeam "Lutèce Echecs"]

1. d4 Nf6 2. Nf3 e6 3. Bg5 c5 4. e3 h6 5. Bh4 cxd4 6. exd4 Qb6 7. Bxf6 Qxb2 8.
Nbd2 gxf6 9. Rb1 Qxa2 10. Bc4 Qa5 11. d5 Na6 12. O-O Nc5 13. dxe6 fxe6 14. Nh4
h5 15. Be2 Kd8 16. Ng6 Rg8 17. Nxf8 Rxf8 18. Bxh5 Qc3 19. Nb3 Rh8 20. Bf3 Ke7
21. Re1 Nxb3 22. Rxb3 Qc7 23. g3 a5 24. Qd3 a4 25. Qg6 axb3 26. Qg7+ Kd6 27.
Rd1+ Kc5 28. Qxh8 bxc2 29. Rc1 Ra2 30. Qxf6 d5 31. h4 e5 32. Qf8+ Kc4 33. Bd1
Kb5 34. Be2+ Ka4 35. h5 Qc3 36. Qe8+ Ka3 37. Kg2 Kb2 38. Rxc2+ Qxc2 39. Qxe5+
Kb1 40. Kf3 Qxe2+ 41. Qxe2 Bg4+ 42. Kxg4 Rxe2 43. Kf3 Re8 0-1

[Event " "]
[Site "Lyon Olympique Echecs"]
[Date "20.??.??"]
[Round "5.3"]
[White "Marholev, Dimitar"]
[Black "Babault, Patrice"]
[Result "1/2-1/2"]
[WhiteElo "2345"]
[BlackElo "2310"]
[PlyCount "117"]
[EventDate "20.??.??"]
[WhiteTeam "Hyères"]
[BlackTeam "Lutèce Echecs"]

1. e4 c5 2. Nf3 e6 3. d4 cxd4 4. Nxd4 Nc6 5. Nb5 d6 6. Bf4 e5 7. Be3 a6 8. N5c3
Nf6 9. Bg5 Be7 10. Bxf6 Bxf6 11. Nd5 Bg5 12. Nbc3 Be6 13. Bd3 g6 14. O-O O-O
15. a4 Ne7 16. Bc4 Bc8 17. Qd3 Kh8 18. Bb3 Nc6 19. Rad1 Bh6 20. Ne2 Na5 21. Ba2
f5 22. Nec3 fxe4 23. Nxe4 b5 24. axb5 axb5 25. Qxb5 Rb8 26. Qa4 Rxb2 27. c3 Bf5
28. Bb1 Nb3 29. Qb4 Rxb1 30. Rxb1 Bxe4 31. Qxe4 Nd2 32. Qg4 Qa5 33. Qh4 Bg7 34.
Ne7 Re8 35. Nxg6+ Kg8 36. Ne7+ Kh8 37. Ra1 Qxc3 38. Rfc1 Qd4 39. Qxd4 exd4 40.
Nf5 Nb3 41. Nxg7 Kxg7 42. Re1 Rc8 43. Rad1 Kf6 44. g3 d5 45. Kg2 Rc3 46. Re8 d3
47. Kf3 d4 48. Rb8 Ke5 49. Rh8 d2+ 50. Ke2 Ke4 51. f3+ Kd5 52. Rxh7 Re3+ 53.
Kf2 Kc4 54. Rb7 Kc3 55. Rxb3+ Kxb3 56. Rxd2 Kc3 57. Rd1 Re8 58. g4 d3 59. g5
1/2-1/2

[Event " "]
[Site "Lyon Olympique Echecs"]
[Date "20.??.??"]
[Round "5.4"]
[White "Lamorelle, Yves"]
[Black "Leski, Marc"]
[Result "1/2-1/2"]
[WhiteElo "2225"]
[BlackElo "2394"]
[PlyCount "30"]
[EventDate "20.??.??"]
[WhiteTeam "Lutèce Echecs"]

1. e4 d6 2. d4 Nf6 3. Nc3 g6 4. Nf3 Bg7 5. Be2 O-O 6. O-O Bg4 7. Be3 Nc6 8. Qd2
e5 9. dxe5 dxe5 10. Rad1 Qc8 11. Qc1 Rd8 12. Rxd8+ Nxd8 13. h3 Bxf3 14. Bxf3
Ne6 15. Nd5 Nxd5 1/2-1/2

[Event " "]
[Site "Lyon Olympique Echecs"]
[Date "20.??.??"]
[Round "5.5"]
[White "Comte, Frederic"]
[Black "Garbarino, Xavier"]
[Result "1/2-1/2"]
[WhiteElo "2185"]
[BlackElo "2242"]
[PlyCount "46"]
[EventDate "20.??.??"]
[WhiteTeam "Hyères"]
[BlackTeam "Lutèce Echecs"]

1. e4 Nc6 2. Nf3 d6 3. Bb5 Nf6 4. Nc3 a6 5. Bxc6+ bxc6 6. d4 Bg4 7. h3 Bh5 8.
Qe2 e6 9. O-O Be7 10. g4 Bg6 11. Nd2 d5 12. e5 Nd7 13. f4 Bxc2 14. Nc4 c5 15.
Qxc2 cxd4 16. Ne2 dxc4 17. Nxd4 Nxe5 18. Qe4 Nd3 19. Qc6+ Kf8 20. Qxc4 c5 21.
Nxe6+ fxe6 22. Rd1 Qd5 23. Qxd5 exd5 1/2-1/2

[Event " "]
[Site "Lyon Olympique Echecs"]
[Date "20.??.??"]
[Round "5.6"]
[White "Stoven, Gilles-Noel"]
[Black "Langevin, Philippe"]
[Result "0-1"]
[WhiteElo "2159"]
[BlackElo "2208"]
[PlyCount "62"]
[EventDate "20.??.??"]
[WhiteTeam "Lutèce Echecs"]

1. e4 c5 2. d4 cxd4 3. c3 d3 4. Bxd3 Nc6 5. Nf3 d6 6. h3 Nf6 7. O-O e6 8. Bg5
Be7 9. Nbd2 O-O 10. Qc2 h6 11. Be3 e5 12. Rfd1 Be6 13. Bf1 Rc8 14. c4 Nd7 15.
g4 h5 16. gxh5 f5 17. exf5 Bxf5 18. Qb3 Be6 19. Qxb7 Qe8 20. Nh2 Qxh5 21. Bg2
Bg5 22. Bxg5 Nc5 23. Qxc8 Rxc8 24. h4 Nd4 25. b3 Rf8 26. Ne4 Nxe4 27. Bxe4 Ne2+
28. Kg2 Nf4+ 29. Bxf4 Rxf4 30. Bf3 Rxf3 31. Nxf3 Qg4+ 0-1

[Event " "]
[Site "Lyon Olympique Echecs"]
[Date "20.??.??"]
[Round "5.7"]
[White "Garro, Pierre"]
[Black "Derieux, Christian"]
[Result "0-1"]
[WhiteElo "2181"]
[BlackElo "2134"]
[PlyCount "42"]
[EventDate "20.??.??"]
[WhiteTeam "Hyères"]
[BlackTeam "Lutèce Echecs"]

1. c4 Nf6 2. Nc3 c5 3. e4 Nc6 4. g4 g6 5. g5 Nh5 6. d3 d6 7. Be2 Nd4 8. Be3 Bg7
9. Rc1 Nxe2 10. Qxe2 O-O 11. f4 f6 12. h4 fxg5 13. hxg5 Ng3 14. Qg2 Nxh1 15.
Qxh1 e5 16. Qh2 exf4 17. Bxf4 Be5 18. Bxe5 Qxg5 19. Bxd6 Qxc1+ 20. Nd1 Bg4 21.
Ne2 Rf1+ 0-1

[Event " "]
[Site "Lyon Olympique Echecs"]
[Date "20.??.??"]
[Round "5.8"]
[White "Dacalor, Aurelie"]
[Black "Macarry, Elodie"]
[Result "1-0"]
[WhiteElo "2016"]
[BlackElo "1897"]
[PlyCount "127"]
[EventDate "20.??.??"]
[WhiteTeam "Lutèce Echecs"]

1. d4 d5 2. c4 c6 3. Nf3 Nf6 4. Nc3 e6 5. Bg5 Nbd7 6. e3 Qa5 7. Rc1 Bb4 8. Qb3
Ne4 9. Bh4 Nb6 10. c5 Na4 11. Bd3 Naxc3 12. bxc3 Bxc3+ 13. Kf1 Bb4 14. Bxe4
dxe4 15. Ng5 O-O 16. Nxe4 Qa6+ 17. Kg1 Ba5 18. Nd6 f6 19. Nxc8 Raxc8 20. Qxe6+
Kh8 21. Qb3 Bc7 22. f3 Rcd8 23. Be1 Rfe8 24. Kf2 Rd7 25. Rc4 b5 26. cxb6 Bxb6
27. Rxc6 Qb7 28. Re6 Rxe6 29. Qxe6 Re7 30. Qb3 Qa6 31. Bb4 Rc7 32. Rd1 Qc8 33.
Rd2 Rb7 34. Rc2 Qd7 35. Qa4 Qe6 36. Qc6 Qxc6 37. Rxc6 Kg8 38. Ba3 Kf7 39. d5
Rd7 40. d6 Ke6 41. Ke2 Kd5 42. Rc8 Rd8 43. e4+ Ke6 44. Rxd8 Bxd8 45. Kd3 Bb6
46. Kc4 a6 47. Bc5 Ba5 48. f4 Bd2 49. g3 g6 50. Ba3 Be3 51. Kb4 Kxd6 52. Ka5+
Ke6 53. Bb4 h5 54. Bc3 Bf2 55. Kxa6 h4 56. gxh4 Bxh4 57. Kb7 Bf2 58. Bd2 Bc5
59. a4 Bd6 60. a5 g5 61. a6 Bc5 62. fxg5 fxg5 63. Bxg5 Ke5 64. Bd8 1-0

[Event " "]
[Site "Lyon Olympique Echecs"]
[Date "20.??.??"]
[Round "5.1"]
[White "Fargere, Francois"]
[Black "Fedorchuk, Sergey A"]
[Result "0-1"]
[WhiteElo "2330"]
[BlackElo "2601"]
[PlyCount "104"]
[EventDate "20.??.??"]
[WhiteTeam "Mulhouse II"]
[BlackTeam "Vincennes"]

1. e4 c5 2. Nf3 d6 3. d4 cxd4 4. Nxd4 Nf6 5. Nc3 e6 6. Be2 a6 7. O-O Nbd7 8. f4
b5 9. Bf3 Bb7 10. e5 Bxf3 11. Nxf3 Ng4 12. Qe2 b4 13. Na4 Qa5 14. b3 Qb5 15.
Qe1 dxe5 16. h3 Nh6 17. fxe5 Nf5 18. c4 bxc3 19. Nxc3 Qd3 20. Bf4 Bb4 21. Qe4
Qxe4 22. Nxe4 Nc5 23. Nxc5 Bxc5+ 24. Kh2 Rc8 25. Rac1 O-O 26. Rfd1 h6 27. Rd3
Be3 28. Rc4 Rxc4 29. bxc4 Bc5 30. g4 Ne7 31. Be3 Bxe3 32. Rxe3 Rc8 33. Ra3 Rxc4
34. Rxa6 Rc3 35. Ra8+ Kh7 36. Kg2 Nd5 37. Ra7 Nf4+ 38. Kg3 Nxh3 39. Rxf7 Ng5
40. Rf8 Ra3 41. Rf4 Kg6 42. Rf8 Nxf3 43. Rxf3 Rxa2 44. Rb3 Ra5 45. Kf4 Ra4+ 46.
Kf3 Kg5 47. Rb6 Rf4+ 48. Ke3 Kxg4 49. Rxe6 Rf5 50. Re7 g5 51. Kd3 h5 52. e6 Re5
0-1

[Event " "]
[Site "Lyon Olympique Echecs"]
[Date "20.??.??"]
[Round "5.2"]
[White "Velikov, Petar"]
[Black "Riff, Vincent"]
[Result "1-0"]
[WhiteElo "2457"]
[BlackElo "2329"]
[PlyCount "77"]
[EventDate "20.??.??"]
[WhiteTeam "Vincennes"]

1. Nf3 Nf6 2. g3 b6 3. Bg2 Bb7 4. c4 e6 5. O-O Be7 6. b3 O-O 7. Bb2 d6 8. Nc3
Nbd7 9. d3 c5 10. e4 Ne5 11. Ne1 Nc6 12. Nc2 Nd7 13. d4 Bf6 14. Ne2 e5 15. dxc5
dxc5 16. Nc3 Nd4 17. Nd5 g6 18. f4 Bg7 19. Qd2 exf4 20. Nxd4 cxd4 21. gxf4 b5
22. Bxd4 bxc4 23. Bxg7 Kxg7 24. Qd4+ Kg8 25. bxc4 Bxd5 26. cxd5 Rc8 27. e5 Rc2
28. Rfc1 Rxg2+ 29. Kxg2 Qh4 30. Qe3 Nb6 31. Rc5 Na4 32. Rc2 Nb6 33. Qf3 g5 34.
Kh1 g4 35. Rg1 h5 36. d6 Kh8 37. Qe4 Rg8 38. e6 fxe6 39. Rc7 1-0

[Event " "]
[Site "Lyon Olympique Echecs"]
[Date "20.??.??"]
[Round "5.3"]
[White "Lerch, Patrice"]
[Black "Nemirovski, Serge"]
[Result "1-0"]
[WhiteElo "2290"]
[BlackElo "2271"]
[PlyCount "75"]
[EventDate "20.??.??"]
[WhiteTeam "Mulhouse II"]
[BlackTeam "Vincennes"]

1. e4 e6 2. Nf3 d5 3. e5 c5 4. b4 cxb4 5. a3 bxa3 6. d4 Nc6 7. c3 Bd7 8. h4 a6
9. Bd3 h6 10. Nxa3 Rc8 11. h5 Na5 12. Nb1 Qb6 13. Ra2 Bb5 14. Bc2 Qc7 15. Nh4
Be7 16. Ra1 Bxh4 17. Rxh4 Qc4 18. Kd2 Qc7 (18... Nb3+) 19. Rg4 f5 20. Rxa5 Qxa5
21. Rxg7 Rc7 22. Rg6 Ne7 23. Rxe6 Rg8 24. Ba3 Rg4 25. Qf3 Rxd4+ 26. Kc1 Rd3 27.
Bxd3 Rxc3+ 28. Kb2 Rxa3 29. Nxa3 Qb4+ 30. Ka2 Qd2+ 31. Bc2 Bc4+ 32. Nxc4 dxc4
33. Qxf5 Qa5+ 34. Kb2 c3+ 35. Kb3 Qa1 36. Rxe7+ Kxe7 37. Qf6+ Ke8 38. Bg6+ 1-0

[Event " "]
[Site "Lyon Olympique Echecs"]
[Date "20.??.??"]
[Round "5.4"]
[White "Rabeyrin, Jean-Jacques"]
[Black "Schmitt, Fabien"]
[Result "1/2-1/2"]
[WhiteElo "2283"]
[BlackElo "2162"]
[PlyCount "44"]
[EventDate "20.??.??"]
[WhiteTeam "Vincennes"]

1. e4 c5 2. Nf3 e6 3. d4 cxd4 4. Nxd4 Nf6 5. Bd3 Nc6 6. Nxc6 dxc6 7. O-O e5 8.
Nd2 Be7 9. Nc4 Bg4 10. Qe1 Nd7 11. f4 exf4 12. Bxf4 O-O 13. Qg3 Bh5 14. Bc7 Qc8
15. Bd6 Qd8 16. Bxe7 Qxe7 17. Nd6 Qe5 $11 18. Qxe5 Nxe5 19. Rf5 Nxd3 20. Rxh5
Nf4 21. Rf5 Ne2+ 22. Kf1 Nd4 $11 1/2-1/2

[Event " "]
[Site "Lyon Olympique Echecs"]
[Date "20.??.??"]
[Round "5.5"]
[White "Hell, Pascal"]
[Black "Peyrat, Olivier"]
[Result "1/2-1/2"]
[WhiteElo "2227"]
[BlackElo "2260"]
[PlyCount "30"]
[EventDate "20.??.??"]
[WhiteTeam "Mulhouse II"]
[BlackTeam "Vincennes"]

1. e4 d6 2. d4 Nf6 3. Nc3 e5 4. dxe5 dxe5 5. Qxd8+ Kxd8 6. Bg5 Bd6 7. O-O-O a6
8. f4 Nbd7 9. Nf3 Ke8 10. h3 h6 11. fxe5 Bxe5 12. Nxe5 hxg5 13. Nxd7 Bxd7 14.
Bc4 Bc6 15. Rhf1 Rd8 1/2-1/2

[Event " "]
[Site "Lyon Olympique Echecs"]
[Date "20.??.??"]
[Round "5.6"]
[White "Schabanel, Stephane"]
[Black "Fischer, Marc"]
[Result "1/2-1/2"]
[WhiteElo "2288"]
[BlackElo "2180"]
[PlyCount "61"]
[EventDate "20.??.??"]
[WhiteTeam "Vincennes"]

1. e4 e6 2. Nc3 d5 3. d4 Nf6 4. Bg5 Bb4 5. e5 h6 6. Bh4 g5 7. Bg3 Ne4 8. Nge2
c5 9. a3 Bxc3+ 10. Nxc3 Nxc3 11. bxc3 Qa5 12. Qd2 Nc6 13. dxc5 Qxc5 14. Bd3 Bd7
15. O-O O-O-O 16. Kh1 f6 17. Rfe1 fxe5 18. Bxe5 Nxe5 19. Rxe5 Rhf8 20. f3 Rf6
21. c4 Qd4 22. Qe1 Bc6 $11 23. Rxe6 Rxe6 24. Qxe6+ Bd7 25. Qe1 dxc4 26. Be4 Qb6
27. Qc3 Bc6 28. Bxc6 Qxc6 29. Re1 Kb8 30. h3 Qd6 31. Qxc4 1/2-1/2

[Event " "]
[Site "Lyon Olympique Echecs"]
[Date "20.??.??"]
[Round "5.7"]
[White "Deschler, Fabrice"]
[Black "Jablonski, Noham"]
[Result "1/2-1/2"]
[WhiteElo "2168"]
[BlackElo "2258"]
[PlyCount "149"]
[EventDate "20.??.??"]
[WhiteTeam "Mulhouse II"]
[BlackTeam "Vincennes"]

1. d4 f5 2. g3 Nf6 3. Bg2 g6 4. Nf3 Bg7 5. b4 d6 6. Bb2 O-O 7. Nbd2 c6 8. c4
Qe8 9. O-O h6 10. e3 Na6 11. a3 Bd7 12. Rc1 g5 13. c5 Be6 14. Ne1 Qf7 15. Nd3
Nc7 16. Qe2 Rae8 17. f3 Qh5 18. Rce1 Rf7 19. h3 Rff8 20. e4 fxe4 21. fxe4 Qxe2
22. Rxe2 Nh5 23. Rxf8+ Rxf8 24. Kh2 g4 25. cxd6 exd6 26. e5 Bf5 27. Nf2 gxh3
28. Bf3 Bg6 29. Kxh3 dxe5 30. dxe5 Bh8 31. Nfe4 Nd5 32. Kh4 Ng7 33. Bg4 Nf5+
34. Bxf5 Bxf5 35. g4 Bg6 36. Kg3 Nf4 37. Rh2 Nd3 38. Bd4 Nxe5 39. Rxh6 Bg7 40.
Rh1 Bxe4 41. Nxe4 Rf3+ 42. Kg2 Rf4 43. Bxe5 Rxe4 44. Bb8 $11 Rxg4+ 45. Kf2 Bb2
46. Rh3 a6 47. Ba7 Kf7 48. Rb3 Be5 49. Bc5 Ke6 50. Rd3 Rh4 51. Ke2 Rh2+ 52. Kd1
Bc7 53. Be3 Rg2 54. Kc1 a5 55. bxa5 Bxa5 56. a4 b6 57. Bf4 c5 58. Bc7 Rg4 59.
Rb3 Kd5 60. Bxb6 Kc4 61. Rb5 Bxb6 62. Rxb6 Kc3 63. Kb1 Rxa4 64. Rc6 Rc4 65. Rc8
Kd2 66. Rd8+ Rd4 67. Rh8 c4 68. Rh2+ Kc3 69. Rc2+ Kd3 70. Rh2 Rg4 71. Rh3+ Kd4
72. Kc2 Rg2+ 73. Kc1 Kc5 74. Rh5+ $11 Kb4 75. Rh6 1/2-1/2

[Event " "]
[Site "Lyon Olympique Echecs"]
[Date "20.??.??"]
[Round "5.8"]
[White "Bonvalot, Isabelle"]
[Black "Richard, Emma"]
[Result "0-1"]
[WhiteElo "1953"]
[BlackElo "1999"]
[PlyCount "108"]
[EventDate "20.??.??"]
[WhiteTeam "Vincennes"]

1. e4 c5 2. c3 d6 3. d4 Nf6 4. Bd3 e5 5. d5 Be7 6. Ne2 Nbd7 7. O-O Nf8 8. f4
exf4 9. Nxf4 Ng6 10. h3 O-O 11. Na3 Ne5 12. Bc2 a6 13. Nd3 Ng6 14. Qe2 b5 15.
c4 b4 16. Nb1 a5 17. a3 Ba6 18. b3 Nd7 19. Bb2 Bf6 20. Bxf6 Nxf6 21. e5 dxe5
22. Nxc5 Nxd5 23. Nxa6 Ndf4 24. Qf2 Rxa6 25. axb4 Qg5 26. Kh2 Rf6 27. Nd2 Nxh3
28. Nf3 Nxf2 29. Nxg5 Ng4+ 30. Kg3 Rxf1 31. Rxf1 Ne3 32. Rf2 Nxc2 33. Rxc2 axb4
34. c5 Rd8 35. c6 Rd3+ 36. Kf2 Ne7 37. Ne4 f5 38. Ng5 h6 39. Nf3 Rc3 40. Rxc3
bxc3 41. Nxe5 Nxc6 42. Nd3 Nd4 43. Nc1 f4 44. b4 Kf7 45. Ne2 c2 46. Nc1 Ke6 47.
Ke1 Kd5 48. Kd2 Kc4 49. b5 Kxb5 50. Kd3 Kc5 51. Ke4 g5 52. Ke5 Kc4 53. Kf6 g4
54. Ke5 f3 0-1

[Event " "]
[Site "Lyon Olympique Echecs"]
[Date "20.??.??"]
[Round "5.1"]
[White "Lazarev, Vladimir"]
[Black "Forthofer, Robert"]
[Result "1-0"]
[WhiteElo "2517"]
[BlackElo "2235"]
[PlyCount "99"]
[EventDate "20.??.??"]
[WhiteTeam "Lyon Olympique Echecs"]
[BlackTeam "Reims Echecs Mat"]

1. d4 e6 2. c4 f5 3. g3 Nf6 4. Bg2 d6 5. Nf3 Be7 6. O-O O-O 7. Qc2 Ne4 8. Nbd2
Nxd2 9. Bxd2 Bf6 10. Rad1 Qe8 11. c5 dxc5 12. Qxc5 Na6 13. Qc2 Bd7 14. Ne5 Bxe5
15. dxe5 Bc6 16. Bxc6 Qxc6 17. Qxc6 bxc6 18. Rc1 c5 19. Be3 Rab8 20. b3 Rfd8
21. Rc4 Rb4 22. Rfc1 Rd5 23. f4 Kf7 24. Kf2 Ke8 25. Ke1 Kd7 26. R4c3 Rb5 27. a3
Rb7 28. Rb1 Rb5 29. Rc4 Kc6 30. h3 h5 31. Kf2 Rb8 32. b4 Kb5 33. Rxc5+ Rxc5 34.
Bxc5 Ka4 35. Bxa7 Rb7 36. Be3 Nb8 37. Ra1 Kb3 38. Kf3 Nc6 39. Bc5 g5 40. Rd1
g4+ 41. hxg4 hxg4+ 42. Ke3 Nb8 43. Rd3+ Kc4 44. Kd2 Na6 45. Bf2 Rb8 46. Rd7 Rh8
47. Re7 Rh6 48. Re8 Kb5 49. Ra8 Rh2 50. Be3 1-0

[Event " "]
[Site "Lyon Olympique Echecs"]
[Date "20.??.??"]
[Round "5.2"]
[White "Camus, Berenger"]
[Black "Benitah, Yohan"]
[Result "0-1"]
[WhiteElo "2171"]
[BlackElo "2423"]
[PlyCount "48"]
[EventDate "20.??.??"]
[WhiteTeam "Reims Echecs Mat"]

1. d4 d5 2. c4 c6 3. Nc3 Nf6 4. Nf3 dxc4 5. a4 Bf5 6. Nh4 Bg4 7. h3 Bh5 8. g4
Bg6 9. g5 Nd5 10. Nxg6 hxg6 11. e4 Nb4 12. Be3 e5 13. Bxc4 exd4 14. Qb3 Nc2+
15. Ke2 Qc7 16. Qxc2 dxe3 17. fxe3 Nd7 18. Rad1 Ne5 19. Qb3 Bd6 20. Rhf1 Rxh3
21. Rf2 Qd7 22. Rxd6 Qxd6 23. Qxb7 Rb8 24. Nb5 Rxe3+ 0-1

[Event " "]
[Site "Lyon Olympique Echecs"]
[Date "20.??.??"]
[Round "5.3"]
[White "Renaze, Luc"]
[Black "Oudot, Jean-Baptiste"]
[Result "1-0"]
[WhiteElo "2346"]
[BlackElo "2114"]
[PlyCount "63"]
[EventDate "20.??.??"]
[WhiteTeam "Lyon Olympique Echecs"]
[BlackTeam "Reims Echecs Mat"]

1. d4 d5 2. c4 c6 3. Nf3 Nf6 4. Nc3 e6 5. e3 Nbd7 6. Bd3 dxc4 7. Bxc4 b5 8. Bd3
Bb7 9. O-O a6 10. a4 b4 11. Ne4 c5 12. Nxf6+ Nxf6 13. dxc5 Bxc5 14. Qe2 Qc7 15.
e4 Qc6 16. Ne5 Qc7 17. Nc4 h5 18. Kh1 Ng4 19. e5 Rd8 20. Bg5 Rd4 21. Rac1 f6
22. Be3 Nxe3 23. fxe3 Rg4 24. Nd6+ Bxd6 25. Rxc7 Bxc7 26. e4 Bxe5 27. h3 a5 28.
Qe3 Kf7 29. Qa7 Rb8 30. hxg4 hxg4 31. Ba6 Rh8+ 32. Kg1 1-0

[Event " "]
[Site "Lyon Olympique Echecs"]
[Date "20.??.??"]
[Round "5.4"]
[White "Laval, Brice"]
[Black "Ravot, Sylvain"]
[Result "0-1"]
[WhiteElo "2186"]
[BlackElo "2218"]
[PlyCount "70"]
[EventDate "20.??.??"]
[WhiteTeam "Reims Echecs Mat"]

1. e4 e5 2. Nf3 Nc6 3. c3 d5 4. Qa4 Bd7 5. exd5 Nd4 6. Qd1 Nxf3+ 7. Qxf3 Nf6 8.
Bc4 Bd6 9. d3 h6 10. Nd2 O-O 11. O-O Ng4 12. Ne4 f5 13. Nxd6 cxd6 14. Qe2 f4
15. f3 Nf6 16. Bd2 Re8 17. Be1 g5 18. Bf2 Qc7 19. Bb3 Bf5 20. Rfe1 Qh7 21. Rad1
Qg6 22. Qd2 g4 23. fxg4 Bxg4 24. Rc1 Qg5 25. c4 Kh8 26. Kh1 Rg8 27. Rg1 Qh5 28.
Bd1 Bxd1 29. Rgxd1 f3 30. g3 Qh3 31. Be3 Rxg3 32. Rg1 Rg2 33. Rxg2 fxg2+ 34.
Kg1 Ng4 35. Bf4 Rf8 0-1

[Event " "]
[Site "Lyon Olympique Echecs"]
[Date "20.??.??"]
[Round "5.5"]
[White "Safranska, Anda"]
[Black "Minet, Steve"]
[Result "1-0"]
[WhiteElo "2303"]
[BlackElo "2175"]
[PlyCount "65"]
[EventDate "20.??.??"]
[WhiteTeam "Lyon Olympique Echecs"]
[BlackTeam "Reims Echecs Mat"]

1. e4 c6 2. d3 d5 3. Nd2 Nf6 4. Ngf3 Bg4 5. h3 Bh5 6. Qe2 e6 7. g3 dxe4 8. dxe4
Nbd7 9. Bg2 Qc7 10. O-O Bc5 11. Kh1 O-O-O 12. Nb3 Bb6 13. a4 a6 14. a5 Ba7 15.
Nbd2 e5 16. b4 g5 17. Nc4 g4 18. Nh4 gxh3 19. Bf3 Bg6 20. Bh6 c5 21. c3 Qc6 22.
Rfe1 Bxe4 23. Bxe4 Nxe4 24. Qxe4 Qxh6 25. Nf5 Nf6 26. Ncd6+ Rxd6 27. Nxd6+ Kc7
28. Qxb7+ Kxd6 29. Qxa6+ Ke7 30. Qxa7+ Nd7 31. Rxe5+ Kd8 32. Rd5 Qe6 33. Qb6+
1-0

[Event " "]
[Site "Lyon Olympique Echecs"]
[Date "20.??.??"]
[Round "5.6"]
[White "Desanlis, Anne-Sophie"]
[Black "Lacour, Serge"]
[Result "0-1"]
[WhiteElo "1920"]
[BlackElo "2171"]
[PlyCount "51"]
[EventDate "20.??.??"]
[WhiteTeam "Reims Echecs Mat"]

1. c4 Nf6 2. g3 g6 3. Bg2 Bg7 4. Nf3 O-O 5. O-O d6 6. Nc3 e5 7. d3 c6 8. Bg5 h6
9. Bd2 Be6 10. Rc1 Nbd7 11. b4 d5 12. Na4 Qe7 13. c5 Nh5 14. Nh4 g5 15. e4 Nxg3
16. fxg3 gxh4 17. Qh5 hxg3 18. Bxh6 gxh2+ 19. Qxh2 f5 20. exd5 cxd5 21. Nc3 e4
22. Qg3 Rf6 23. Bf4 Qf7 24. dxe4 dxe4 25. Bg5 Qg6 26. Qe3 0-1

[Event " "]
[Site "Lyon Olympique Echecs"]
[Date "20.??.??"]
[Round "5.7"]
[White "Debray, Tristan"]
[Black "Michonnet, Jean Noel"]
[Result "1-0"]
[WhiteElo "2151"]
[BlackElo "1499"]
[PlyCount "27"]
[EventDate "20.??.??"]
[WhiteTeam "Lyon Olympique Echecs"]
[BlackTeam "Reims Echecs Mat"]

1. e4 g6 2. d4 Bg7 3. Nc3 c6 4. Be3 Nf6 5. Qd2 O-O 6. Nf3 b6 7. Bd3 d6 8. Bh6
Bxh6 9. Qxh6 Re8 10. Ng5 a6 11. e5 dxe5 12. dxe5 Nd5 13. Qxh7+ Kf8 14. Qxf7#
1-0

[Event " "]
[Site "Lyon Olympique Echecs"]
[Date "20.??.??"]
[Round "5.8"]
[White "Roa, Sam"]
[Black "Soubrier, Aude"]
[Result "0-1"]
[WhiteElo "1499"]
[BlackElo "1962"]
[PlyCount "36"]
[EventDate "20.??.??"]
[WhiteTeam "Reims Echecs Mat"]

1. h4 e5 2. e4 Nc6 3. Na3 Nf6 4. b4 Bxb4 5. c3 Bc5 6. d4 exd4 7. Nb1 O-O 8. Be2
Nxe4 9. Nd2 Nxc3 10. Bb2 Nxd1 11. Kxd1 Re8 12. Rc1 Qe7 13. Ngf3 Qxe2+ 14. Kc2
Nb4+ 15. Kb1 Qd3+ 16. Rc2 Nxc2 17. Ba1 Na3+ 18. Kc1 Qc2# 0-1